Central Library OPAC University of Rajshahi

The politics of mistrust : (Record no. 11239)

MARC details
000 -LEADER
fixed length control field 01361cam a2200349 i 4500
001 - CONTROL NUMBER
control field 11239
003 - CONTROL NUMBER IDENTIFIER
rucl marc code BD-RjUL
005 - DATE AND TIME OF LATEST TRANSACTION
control field 20211208235107.0
008 - FIXED-LENGTH DATA ELEMENTS--GENERAL INFORMATION
fixed length control field 140126s1981 cau b 001 0 eng
020 ## - INTERNATIONAL STANDARD BOOK NUMBER
International Standard Book Number 0803915829
International Standard Book Number 0803915837 (pbk.)
035 ## - SYSTEM CONTROL NUMBER
System control number (BD-RjUL)11288
040 ## - CATALOGING SOURCE
Original cataloging agency DLC
Transcribing agency DLC
Modifying agency DLC
-- BD-RjUL
Language of cataloging eng
041 ## - LANGUAGE CODE
Language code of text/sound track or separate title eng
082 00 - DEWEY DECIMAL CLASSIFICATION NUMBER
Classification number 553.280973
Edition number 19
Author mark and year WIP 1981
100 1# - MAIN ENTRY--PERSONAL NAME
Personal name Wildavsky, Aaron B.
9 (RLIN) 34780
245 14 - TITLE STATEMENT
Title The politics of mistrust :
Remainder of title estimating American oil and gas resources /
Statement of responsibility, etc. Aaron Wildavsky and Ellen Tenenbaum, with Pat Albin and the assistance of Natale Cippolina, Ehud Levy-Pascal, and David Vachon.
260 ## - PUBLICATION, DISTRIBUTION, ETC. (IMPRINT)
Place of publication, distribution, etc. Beverly Hills, Calif. :
Name of publisher, distributor, etc. Sage Publications,
Date of publication, distribution, etc. c1981.
300 ## - PHYSICAL DESCRIPTION
Pagination 363 p. :
Illustrations graphs ;
Size 23 cm.
504 ## - BIBLIOGRAPHY, ETC. NOTE
Bibliography, etc Includes bibliographies and index.
650 #0 - SUBJECT ADDED ENTRY--TOPICAL TERM
Topical term or geographic name as entry element Petroleum industry and trade
Geographic subdivision United States.
9 (RLIN) 34782
Topical term or geographic name as entry element Natural gas
Geographic subdivision United States.
9 (RLIN) 9855
Topical term or geographic name as entry element Energy policy
Geographic subdivision United States.
9 (RLIN) 34783
Topical term or geographic name as entry element Power resources
Geographic subdivision United States.
9 (RLIN) 34784
700 1# - ADDED ENTRY--PERSONAL NAME
Personal name Tenenbaum, Ellen,
Relator term joint author.
Personal name Albin, Pat,
Relator term joint author.
856 42 - ELECTRONIC LOCATION AND ACCESS
Materials specified Publisher description
Uniform Resource Identifier <a href="http://www.loc.gov/catdir/enhancements/fy0660/80029049-d.html">http://www.loc.gov/catdir/enhancements/fy0660/80029049-d.html</a>
942 ## - ADDED ENTRY ELEMENTS (KOHA)
Source of classification or shelving scheme Dewey Decimal Classification
Koha item type Books
Holdings
Lost status Source of classification or shelving scheme Damaged status Not for loan Permanent Location Current Location Shelving location Date acquired Source of acquisition Cost, normal purchase price Total Checkouts Full call number Date last seen Copy number Koha item type Collection code
  Dewey Decimal Classification     Central Library, University of Rajshahi Central Library, University of Rajshahi   07/06/1990 Asia Foundation. 0.00   553.280973 WIP 1981 26/01/2014 C-2 Books  
  Dewey Decimal Classification   Not For Loan Central Library, University of Rajshahi Central Library, University of Rajshahi Reading Room 07/06/1990 Asia Foundation.     553.280973 WIP 1981 15/04/2017 C-1 Books Non-fiction